[Event "Bad Ragaz op"]
[Site "Bad Ragaz"]
[Date "1994.??.??"]
[Round "6"]
[White "Giertz, Niklaus"]
[Black "Bezold, Michael"]
[Result "1/2-1/2"]
[WhiteElo "2270"]
[BlackElo "2515"]

1.Nf3 Nf6 2.c4 e6 3.g3 b6 4.Bg2 Bb7 5.O-O c5 6.Nc3 Be7 7.b3 O-O 8.Bb2 a6
9.e3 d6 10.Qe2 Nbd7 11.Rfd1 Re8 12.d4 Bf8 13.Rd2 Rc8 14.Rad1 cxd4 15.Nxd4 Bxg2
16.Kxg2 Qc7 17.f4 Nc5 18.Qf3 Qb8 19.g4 g6 20.g5 Nh5 21.Nde2 b5 22.cxb5 axb5
23.Ng3 Nxg3 24.hxg3 b4 25.Ne4 Nxe4 26.Qxe4 Qa8 27.Qxa8 Rxa8 28.Ra1 Ra6 29.Bf6 Bg7
30.Bxg7 Kxg7 31.Rc1 Rea8 32.Rcc2 d5 33.Kf3 h6 34.gxh6+ Kxh6 35.e4 dxe4+  1/2-1/2

[Event "Bad Woerishofen op"]
[Site "Bad Woerishofen"]
[Date "1994.??.??"]
[Round "4"]
[White "Lein, Anatoly"]
[Black "Schmittdiel, Eckhard"]
[Result "1/2-1/2"]
[WhiteElo "2480"]
[BlackElo "2450"]

1.c4 Nf6 2.Nf3 e6 3.g3 b6 4.Bg2 Bb7 5.O-O c5 6.b3 Be7 7.Bb2 O-O 8.Nc3 Nc6
9.e3 Rc8 10.Rc1 d5 11.cxd5 Nxd5 12.Nxd5 Qxd5 13.d4 Na5 14.dxc5 Bxc5 15.Qxd5 Bxd5
16.Ne5 Bxg2 17.Kxg2 Rfd8 18.Rfd1 f6 19.Nf3 Nc6 20.a3 Rxd1 21.Rxd1 Rd8 22.Rxd8+ Nxd8
23.Kf1 Kf7 24.Ke2 a6 25.Nd2 Nc6 26.Kd3 b5 27.Ne4  1/2-1/2

[Event "Badalona op"]
[Site "Badalona"]
[Date "1994.??.??"]
[Round "3"]
[White "Lacasa, JA."]
[Black "Ionescu, Constantin"]
[Result "0-1"]
[WhiteElo "2295"]
[BlackElo "2440"]

1.Nf3 Nf6 2.g3 b6 3.Bg2 Bb7 4.O-O c5 5.c4 e6 6.Nc3 a6 7.d3 Be7 8.e4 d6 9.Re1 O-O
10.a3 Nc6 11.Rb1 Rb8 12.h3 Ba8 13.d4 cxd4 14.Nxd4 Qc7 15.b3 Nxd4 16.Qxd4 b5
17.cxb5 axb5 18.Bb2 b4 19.axb4 e5 20.Qe3 Rxb4 21.Ba3 Rbb8 22.b4 Rfc8 23.Rec1 Qd7
24.Qd3 Bd8 25.b5 Bb6 26.Nd1 d5 27.exd5 e4 28.Bxe4 Nxe4 29.Qxe4 Bxd5 30.Qg4 Be6
31.Qf4 Bxh3 32.Ne3 Qb7 33.Rc6 Bxe3  0-1

[Event "Belgrade Trako"]
[Site "Belgrade"]
[Date "1994.??.??"]
[Round "3"]
[White "Arsovic, Zoran"]
[Black "Genov, Petar"]
[Result "0-1"]
[WhiteElo "2325"]
[BlackElo "2470"]

1.Nf3 c5 2.g3 b6 3.Bg2 Bb7 4.c4 Nf6 5.O-O e6 6.Nc3 Be7 7.Re1 d6 8.e4 a6 9.d4 cxd4
10.Nxd4 Qc7 11.Be3 O-O 12.Rc1 Nbd7 13.f4 Rfe8 14.f5 Bd8 15.fxe6 fxe6 16.Bh3 Nf8
17.Bf2 N6d7 18.Qh5 g6 19.Qe2 Ne5 20.b3 Bf6 21.Be3 Qg7 22.Qd2 g5 23.Rf1 g4
24.Bg2 Nfd7 25.Nde2 Rad8 26.Rf2 Nf3+ 27.Bxf3 gxf3 28.Rxf3 Ne5 29.Rff1 b5
30.Nf4 Qg4 31.cxb5 Nf3+ 32.Rxf3 Qxf3 33.Qf2 Qxf2+ 34.Kxf2 Bxc3 35.bxa6 Bb2
36.Rc2 Bxe4 37.Rxb2 e5 38.Nh5 Rf8+ 39.Ke1 Rf3 40.Re2 Bd3 41.Rf2 Rxf2 42.Bxf2 Bxa6
43.Kd2 Kf7 44.g4 d5 45.Bb6 Rg8 46.h3 Bf1  0-1

[Event "Belgrade Trako"]
[Site "Belgrade"]
[Date "1994.??.??"]
[Round "12"]
[White "Arsovic, Zoran"]
[Black "Arsovic, Goran"]
[Result "1-0"]
[WhiteElo "2325"]
[BlackElo "2375"]

1.Nf3 c5 2.c4 Nf6 3.g3 b6 4.Bg2 Bb7 5.O-O e6 6.Nc3 Be7 7.d4 cxd4 8.Qxd4 Nc6
9.Qf4 Qb8 10.Rd1 O-O 11.b3 Rd8 12.Bb2 a6 13.Rac1 Qxf4 14.gxf4 Na5 15.Na4 Rab8
16.Be5 d6 17.Bc3 Nd7 18.Nd4 Bxg2 19.Kxg2 Rdc8 20.Nxb6 Rxb6 21.Bxa5 Rb7 22.Kf3 g6
23.e3 Nf6 24.e4 Rc5 25.Bc3 Rh5 26.Nc6 Kf8 27.Nxe7 Kxe7 28.Bxf6+ Kxf6 29.Rxd6  1-0

[Event "Berliner Sommer"]
[Site "Berlin"]
[Date "1994.??.??"]
[Round "?"]
[White "Klimm, Wolf Dietrich"]
[Black "Vasilchenko, Oleg"]
[Result "0-1"]
[WhiteElo "2235"]
[BlackElo "2435"]

1.Nf3 c5 2.g3 b6 3.Bg2 Bb7 4.O-O Nf6 5.c4 e6 6.b3 d6 7.d4 cxd4 8.Nxd4 Bxg2
9.Kxg2 Be7 10.Nc3 a6 11.e4 O-O 12.Bb2 Qc7 13.Qe2 Nc6 14.Nxc6 Qxc6 15.f3 Rfd8
16.Rfd1 Ne8 17.Rac1 Qb7 18.e5 dxe5 19.Qxe5 Bf6 20.Qe2 Nd6 21.Rd3 Nf5 22.Rcd1 Qc7
23.Rxd8+ Rxd8 24.Rd3 h6 25.Qd2 Rxd3 26.Qxd3 Be5 27.f4 Bf6 28.Nd1 Bxb2 29.Nxb2 Qc6+
30.Qf3 Qd6 31.Nd3 Qd4 32.Qe2 Qc3 33.Ne5 g6 34.Qd3 Qb2+ 35.Kh3 Qf2 36.Qd8+ Kg7
37.Qd1 Nd4 38.Ng4 Qb2 39.Qd3 h5 40.Ne5 Qf2 41.Qe4 g5 42.fxg5 Qf1+  0-1

[Event "Berliner Sommer"]
[Site "Berlin"]
[Date "1994.??.??"]
[Round "?"]
[White "Solonar, Stephan"]
[Black "Ulibin, Mikhail"]
[Result "1/2-1/2"]
[WhiteElo "2400"]
[BlackElo "2510"]

1.c4 c5 2.Nf3 Nf6 3.g3 b6 4.Bg2 Bb7 5.O-O e6 6.Nc3 d6 7.Re1 Be7 8.e4 e5 9.Nh4 Nc6
10.Nf5 Bf8 11.d3 g6 12.Nh6 Nd4 13.Bh3 Nh5 14.Nd5 Bg7 15.Rb1 Nf4 16.Nxf4 Bxh6
17.Ne6 fxe6 18.Bxh6 Qf6 19.Bg2 O-O-O 20.h4 Rd7 21.Re3 Rf7 22.Qd2 a5 23.b3 Bc6
24.Rb2 Rd7 25.Qe1 Kb7 26.Kh2 Ka7 27.Qh1 Re8 28.Kh3 Qf7 29.Kh2 d5 30.Qe1 Bb7
31.Qh1 dxc4 32.dxc4 Nc6 33.Re1 Nb4 34.Rd1 Red8 35.Rxd7 Rxd7 36.Qf1 Rd3 37.Bd2 Qd7
38.Bxb4 cxb4 39.Qe2 Qd4 40.Kh3 Bc6 41.Kh2 Kb7 42.Kh3 Kc7 43.Kh2 Qc3 44.c5 bxc5
45.Rc2 Qd4 46.Rxc5 Qxc5 47.Qxd3 Qxf2 48.Qa6 Qb6 49.Qc4 Kd6 50.Qf1 Qd8 51.Qd3+ Ke7
52.Qxd8+ Kxd8 53.Kg1 Ke7 54.Kf2 Kf6 55.Ke3 h6 56.Bh3 g5 57.hxg5+ hxg5 58.Bg4 Be8
59.Kf3 Bg6  1/2-1/2

[Event "Biel op"]
[Site "Biel"]
[Date "1994.??.??"]
[Round "10"]
[White "Anic, Darko"]
[Black "Gipslis, Aivars"]
[Result "0-1"]
[WhiteElo "2445"]
[BlackElo "2485"]

1.Nf3 Nf6 2.c4 c5 3.g3 b6 4.Bg2 Bb7 5.O-O e6 6.Nc3 Be7 7.b3 O-O 8.Bb2 d5
9.e3 dxc4 10.bxc4 Nc6 11.Qe2 Qc7 12.Nb5 Qc8 13.Rfd1 Rd8 14.d3 a6 15.Nc3 Qc7
16.Rab1 Rab8 17.Ba1 Ba8 18.Ne1 Na7 19.Bxa8 Rxa8 20.Qf3 Rab8 21.Ne4 Nxe4 22.Qxe4 b5
23.cxb5 axb5 24.Nf3 Nc6 25.Ne5 Rd5 26.Nxc6 Qxc6 27.d4 c4 28.Qf4 Bd6 29.Qh4 f5
30.e4 fxe4 31.Qxe4 Bf8 32.Bc3 b4 33.Rdc1 Rb6 34.Bd2 c3 35.Be3 Ra6 36.Rc2 Qc4
37.Re1 Rda5 38.Qb7 Rxa2 39.Rxa2 Rxa2  0-1

[Event "GER-ch"]
[Site "Binz"]
[Date "1994.??.??"]
[Round "4"]
[White "Lagunow, Alexander"]
[Black "Bischoff, Klaus"]
[Result "1-0"]
[WhiteElo "2405"]
[BlackElo "2525"]

1.Nf3 e6 2.c4 b6 3.g3 Bb7 4.Bg2 c5 5.O-O Nf6 6.Nc3 Be7 7.d4 cxd4 8.Qxd4 d6
9.Bg5 a6 10.Rfd1 Nbd7 11.Qd2 O-O 12.Bf4 e5 13.Bg5 Qb8 14.Nh4 g6 15.Bh6 Rd8
16.Nf5 Bf8 17.Nxd6 Bxg2 18.Kxg2 Nc5 19.Bxf8 Kxf8 20.b4 Ne6 21.Nce4 Nxe4 22.Qh6+ Ke7
23.Nxe4 Qb7 24.f3 Rd4 25.Rxd4 exd4 26.Qh4+ Kf8 27.Qxh7 Rd8 28.Rd1 Qc7 29.Qh8+ Ke7
30.Qf6+ Kf8 31.c5 bxc5 32.Nxc5 Rd6 33.Rc1 Ke8 34.Nd3 Qb7 35.Ne5 g5 36.Kf2 Rd8
37.Nd3 Rd6 38.Qe5 Rd5 39.Qf6 Rd6 40.Qh8+  1-0

[Event "ROM-ch"]
[Site "Bucharest"]
[Date "1994.??.??"]
[Round "10"]
[White "Badea, Bela"]
[Black "Ionescu, Constantin"]
[Result "1/2-1/2"]
[WhiteElo "2435"]
[BlackElo "2465"]

1.c4 b6 2.Nf3 Bb7 3.g3 c5 4.Bg2 Nf6 5.O-O e6 6.Nc3 a6 7.Re1 Be7 8.e4 d6 9.d4 cxd4
10.Nxd4 Qc7 11.Be3 O-O 12.f4 Re8 13.Rc1 Bf8 14.b3 Nfd7 15.Qd2 Nc6 16.Nc2 Rac8
17.Red1 Ncb8 18.Ne1 Nf6 19.Qe2 Nbd7 20.Nd3  1/2-1/2

[Event "Budapest FS02 GM"]
[Site "Budapest"]
[Date "1994.??.??"]
[Round "6"]
[White "Gabriel, Christian"]
[Black "Kalesis, Nikolaos"]
[Result "1-0"]
[WhiteElo "2530"]
[BlackElo "2415"]

1.c4 c5 2.Nf3 Nf6 3.g3 b6 4.Bg2 Bb7 5.O-O e6 6.Nc3 Be7 7.Re1 d6 8.e4 a6 9.d4 cxd4
10.Nxd4 Qc7 11.Be3 Nbd7 12.f4 O-O 13.Rc1 Rfe8 14.g4 Nc5 15.Bf2 d5 16.exd5 exd5
17.Nxd5 Nxd5 18.cxd5 a5 19.Nf5 Bf8 20.Qd2 Qd7 21.h3 h5 22.Bf3 Rad8 23.Bh4 Rc8
24.Rcd1 Ba6 25.d6 Bb7 26.Bxb7 Rxe1+ 27.Rxe1 Qxb7 28.Be7 Ne6 29.d7 Rb8 30.Bxf8  1-0

[Event "Budapest FS11 IM-A"]
[Site "Budapest"]
[Date "1994.??.??"]
[Round "9"]
[White "Habibi, Ali"]
[Black "Csonkics, Tunde"]
[Result "1-0"]
[WhiteElo "2165"]
[BlackElo "2320"]

1.Nf3 Nf6 2.g3 b6 3.Bg2 Bb7 4.O-O c5 5.c4 e6 6.d4 cxd4 7.Qxd4 d6 8.Nc3 a6
9.e4 Nbd7 10.b3 Qc7 11.Qe3 Be7 12.Nd4 Rc8 13.Bb2 O-O 14.Rac1 Qb8 15.Qe2 Rfe8
16.Rfe1 Qa7 17.h3 b5 18.cxb5 Qxd4 19.bxa6 Bxe4 20.Nxe4 Qb6 21.Rxc8 Rxc8 22.Nxf6+ Bxf6
23.Bxf6 Nxf6 24.Bb7 Rc3 25.Kg2 h6 26.Rd1 d5 27.Rd3 Rc7 28.Qe3 Qa5 29.Qd2 Qb6
30.Qe3 Qa5 31.b4 Qxb4 32.Rb3 Qa4 33.Rd3 Qxa2 34.a7  1-0

[Event "Budapest Honved"]
[Site "Budapest"]
[Date "1994.??.??"]
[Round "11"]
[White "Beck, Hartmuth"]
[Black "Csom, Istvan"]
[Result "1-0"]
[WhiteElo "2285"]
[BlackElo "2405"]

1.Nf3 Nf6 2.c4 e6 3.g3 b6 4.Bg2 Bb7 5.O-O c5 6.Nc3 d6 7.Re1 Be7 8.e4 a6 9.d4 cxd4
10.Nxd4 Qc7 11.Be3 O-O 12.Rc1 Nbd7 13.f4 Rfe8 14.g4 Nc5 15.Bf2 g6 16.b4 Red8
17.e5 dxe5 18.fxe5 Ne8 19.bxc5 Bxg2 20.cxb6 Qb7 21.Qe2 Bc5 22.Nb3 Bb4 23.c5 Bf3
24.Qc4 a5 25.Re3 Rac8 26.a3 Bxc3 27.Rexc3 Bh1 28.Rg3 a4 29.Na5 Qa8 30.Qb5 Qd5
31.Qc4 Qa8 32.Qb4 Bb7 33.Nxb7 Qxb7 34.Qxa4 Qd5 35.c6  1-0

[Event "ARG-ch U18"]
[Site "Buenos Aires"]
[Date "1994.??.??"]
[Round "7"]
[White "Robledo, Nestor Daniel"]
[Black "Diaz, Nahuel"]
[Result "1/2-1/2"]
[WhiteElo "2305"]
[BlackElo "2315"]

1.Nf3 Nf6 2.c4 c5 3.g3 b6 4.Bg2 Bb7 5.O-O e6 6.Nc3 Be7 7.d4 cxd4 8.Qxd4 Nc6
9.Qf4 O-O 10.Rd1 Qb8 11.b3 Rd8 12.Bb2 Qxf4 13.gxf4 Nb4 14.Rac1 Rac8 15.a3 Na6
16.Nb5 Nc5 17.b4 a6 18.Nd6 Bxd6 19.Rxd6 Na4 20.Ba1 Kf8 21.Ne5 Bxg2 22.Kxg2 Ke7
23.Rcd1 Rc7 24.c5 Nd5 25.Kf3 f6 26.Nd3 Ra8 27.Bd4 Ndc3 28.Rg1 bxc5 29.bxc5 g6  1/2-1/2

[Event "Buenos Aires GP1"]
[Site "Buenos Aires"]
[Date "1994.??.??"]
[Round "8"]
[White "Soppe, Guillermo"]
[Black "German, Pablo"]
[Result "1/2-1/2"]
[WhiteElo "2430"]
[BlackElo "2270"]

1.Nf3 Nf6 2.g3 b6 3.Bg2 Bb7 4.O-O c5 5.c4 e6 6.Nc3 d6 7.d4 cxd4 8.Qxd4 a6
9.Rd1 Be7 10.Ng5 Bxg2 11.Kxg2 O-O 12.Nge4 Ne8 13.Be3 Nd7 14.Qd2 Qc7 15.b3 Rd8
16.Bg5 Ndf6 17.Nxf6+ Nxf6 18.Rac1 h6 19.Bf4 Qb7+ 20.f3 d5 21.cxd5 Ba3 22.Rc2 Nxd5
23.Nxd5 Rxd5 24.Qe1 Bb4 25.Qf1 Rfd8 26.Rxd5 Qxd5 27.Qc1 b5 28.Rc8 Bf8 29.Rxd8 Qxd8
30.Qd2 Qb6 31.Be3 Qc7 32.Bf2 Qe5 33.e4 Qc7 34.Be3 a5 35.Qc1 Qd6 36.Qc2 Qd7
37.a4 bxa4 38.bxa4 Bb4 39.g4 Qd8 40.Bf2 Qf6 41.Qc8+ Kh7 42.Qc2 Qa1 43.h4 Qe5
44.Bg3 Qd4 45.Bf2 Qd7 46.h5 Kg8 47.Be3 Qe8 48.Bd4 Qd7 49.Be5 Qe8 50.Kf1 Qd7
51.Ke2 Qd8 52.Qd3 Qh4 53.Kd1 Qf2 54.Bd4 Qg2 55.Qe2 Qg3 56.Kc2 Qf4 57.Kb3 Qd6
58.Qc4 Qf4 59.Qe2 Qc1 60.Bb2 Qb1 61.f4 Qg1 62.f5 Qg3+ 63.Ka2 Qf4 64.fxe6 fxe6
65.Bd4 Qf7 66.Be5 Qd7 67.Kb3 Qf7 68.Qd3 Bf8 69.Bc3 Qc7 70.Qd4 Qb7+ 71.Kc2 Qa6
72.Qe5 Qe2+ 73.Kb1 Qd1+ 74.Kb2 Qe2+ 75.Kb1 Qxg4 76.Bxa5 Qd1+ 77.Kb2 Qxa4
78.Qxe6+ Kh8 79.Bc3 Ba3+ 80.Kb1 Qd1+ 81.Ka2 Qc2+ 82.Kxa3 Qxc3+ 83.Ka4 Qa1+
84.Kb5 Qf1+ 85.Kc6 Qf3 86.Qe8+ Kh7 87.Qg6+ Kg8 88.Qe8+ Kh7 89.Qg6+ Kg8 90.Kd7 Qd3+
91.Ke7 Qa3+ 92.Kd7 Qa7+ 93.Kd8 Qb8+ 94.Kd7 Qb7+ 95.Kd8 Qb8+ 96.Kd7 Qb7+ 97.Kd8  1/2-1/2

[Event "Cappelle op"]
[Site "Cappelle la Grande"]
[Date "1994.??.??"]
[Round "2"]
[White "Werner, Dimo"]
[Black "Szekely, Peter"]
[Result "1/2-1/2"]
[WhiteElo "2375"]
[BlackElo "2505"]

1.Nf3 Nf6 2.g3 b6 3.Bg2 Bb7 4.O-O e6 5.c4 c5 6.b3 Be7 7.Bb2 O-O 8.Nc3 d6
9.d4 cxd4 10.Nxd4 Bxg2 11.Kxg2 Qc7 12.e4 a6 13.Qe2  1/2-1/2

[Event "Cappelle op"]
[Site "Cappelle la Grande"]
[Date "1994.??.??"]
[Round "5"]
[White "Szekely, Peter"]
[Black "Dabrowska, Krystyna"]
[Result "1-0"]
[WhiteElo "2505"]
[BlackElo "2300"]

1.Nf3 Nf6 2.c4 c5 3.g3 b6 4.Bg2 Bb7 5.O-O e6 6.Nc3 Be7 7.d4 cxd4 8.Qxd4 d6
9.b3 Nbd7 10.Nb5 Qb8 11.Rd1 Ne4 12.Qxg7 Bf6 13.Qh6 Bxa1 14.Ng5 d5 15.Nxe4 dxe4
16.Nd6+ Ke7 17.Nxb7 Qxb7 18.Ba3+ Nc5 19.Rxa1 Qc7 20.Bb2 Rhg8 21.Bf6+ Kd7
22.b4 Nb7 23.Qxh7 Nd6 24.Rd1  1-0

[Event "CZE-chT"]
[Site "?"]
[Date "1994.??.??"]
[Round "?"]
[White "Jirovsky, Milos"]
[Black "Ftacnik, Lubomir"]
[Result "1/2-1/2"]
[WhiteElo "2410"]
[BlackElo "2565"]

1.Nf3 Nf6 2.c4 c5 3.g3 b6 4.Bg2 Bb7 5.O-O e6 6.Nc3 Be7 7.d4 cxd4 8.Qxd4 d6
9.Rd1 a6 10.Ng5 Bxg2 11.Kxg2 O-O 12.Nce4 Ne8 13.Qd3 g6 14.h4 Nd7 15.b3 Nc5
16.Qe3 Nxe4 17.Nxe4 Ng7 18.Bb2 Nf5 19.Qc3 f6 20.h5 gxh5 21.Rh1 Qe8 22.Ng5 Ng7
23.Rad1 Rc8 24.Qd4 b5 25.Ne4 bxc4 26.bxc4 Qc6 27.Rc1 Rf7 28.f3 f5 29.Nf2 Bg5
30.Rc2 e5 31.Qd3 e4 32.Qa3 exf3+ 33.exf3 Re8 34.Bd4 h4 35.Nh3 Bf6 36.Bxf6 Rxf6
37.Nf4 hxg3 38.Qb2 Rff8 39.Rh3 Rb8 40.Qc3 Qc5 41.Rxg3 Qe5 42.Qxe5 dxe5 43.Ne6 Rf7
44.Re2 Re7 45.Rxe5 Rb2+ 46.Kh3 Rxa2 47.Rxg7+ Rxg7 48.Nxg7 Kxg7  1/2-1/2

[Event "FRA-chT "]
[Site "FRA"]
[Date "1994.??.??"]
[Round "9"]
[White "Roos, Celine"]
[Black "Nadin, Stefanie"]
[Result "1-0"]
[WhiteElo "2175"]
[BlackElo "1710"]

1.c4 c5 2.Nf3 Nf6 3.g3 b6 4.Bg2 Bb7 5.O-O e6 6.d4 cxd4 7.Qxd4 Be7 8.Nc3 d6
9.Rd1 O-O 10.b3 Nbd7 11.Bb2 a6 12.Ng5 Bxg2 13.Kxg2 Qc7 14.Kg1 Rfd8 15.Qf4 Rac8
16.Nge4 Nc5 17.Rd2 Qc6 18.Nxf6+ Bxf6 19.Rad1 Nb7 20.Ne4 Bxb2 21.Rxb2 b5 22.Ng5 Qe8
23.Qe4 h6 24.Qxb7 hxg5 25.Qxa6 bxc4 26.bxc4 Ra8 27.Qb5 Qe7 28.Qc6 Rac8 29.Qe4 Rc5
30.Rb7 Rxc4 31.Qf3 Qe8 32.h3 d5 33.Rdb1 Ra8 34.Qe3 Qd8 35.a3 Rca4 36.Qe5 Rc4
37.Rxf7 Kxf7 38.Rb7+ Ke8 39.Qxe6+  1-0

[Event "Sas van Gent"]
[Site "Gent"]
[Date "1994.??.??"]
[Round "1"]
[White "Peelen, Piet"]
[Black "Kiik, Kalle"]
[Result "1/2-1/2"]
[WhiteElo "2380"]
[BlackElo "2410"]

1.Nf3 c5 2.g3 b6 3.Bg2 Bb7 4.O-O Nf6 5.c4 e6 6.Nc3 a6 7.b3 Be7 8.d4 cxd4
9.Qxd4 Nc6 10.Qd2 O-O 11.Bb2 Qc7 12.Rfd1 Rad8  1/2-1/2

[Event "Oberliga Wuert9394"]
[Site "Germany"]
[Date "1994.??.??"]
[Round "?"]
[White "Jurek, Josef"]
[Black "Oesterle, Peter"]
[Result "1-0"]
[WhiteElo "2280"]
[BlackElo "2375"]

1.Nf3 c5 2.g3 b6 3.c4 Nf6 4.Bg2 Bb7 5.O-O e6 6.Nc3 d6 7.e3 Be7 8.b3 O-O 9.Bb2 a6
10.Qe2 Re8 11.Rfd1 Nbd7 12.d4 cxd4 13.Nxd4 Bxg2 14.Kxg2 Qc7 15.f4 Bf8 16.Qf3 e5
17.Nc2 b5 18.cxb5 axb5 19.Nb4 Nc5 20.Ncd5 Nxd5 21.Nxd5 Qa7 22.Bc3 Kh8 23.h4 Qb7
24.Bb4 Nd3 25.Rxd3 e4 26.Qd1 exd3 27.Qxd3 f5 28.Kf2 Re4 29.a3 Rae8 30.Re1 Be7
31.Nc3 Re6 32.Qxf5 Bf6 33.Qxb5 Qc7 34.Qd3 Qa7 35.Nd5 Bd4 36.Qxd4  1-0

[Event "BL2-N9394"]
[Site "Germany"]
[Date "1994.??.??"]
[Round "?"]
[White "Schirm, Friedmar"]
[Black "Marschner, Juergen"]
[Result "1/2-1/2"]
[WhiteElo "2310"]
[BlackElo "2295"]

1.Nf3 Nf6 2.c4 c5 3.g3 b6 4.Bg2 Bb7 5.O-O e6 6.Nc3 Be7 7.d4 cxd4 8.Qxd4 d6
9.Rd1 a6 10.b3 Nbd7 11.e4 O-O 12.Ba3 Nc5 13.e5 dxe5 14.Qxd8 Rfxd8 15.Nxe5 Bxg2
16.Kxg2 Bf8 17.Bxc5 Bxc5 18.Na4 Kf8 19.b4 Rxd1 20.Rxd1 Bxb4 21.Nxb6 Re8 22.c5 Nd5
23.Nc6 a5 24.Rd3 g6 25.a3 Bxc5 26.Nd7+ Kg7 27.Nxc5 Rc8 28.Nxe6+ fxe6 29.Nxa5 Rc2
30.Nb3 Kf6 31.Nd4 Ra2 32.Nc6 Rb2 33.Rf3+ Kg7 34.Nd8 e5 35.Ne6+ Kh6 36.Rf7 e4
37.g4 g5 38.h4 Kg6 39.Rf8 e3 40.h5+ Kh6 41.Rf7 Nf4+ 42.Kg3 Nxe6 43.Rf6+ Kg7
44.Rxe6 exf2 45.Kg2 h6 46.Rg6+ Kh7 47.Rf6 Ra2 48.Rf7+ Kg8 49.Ra7 Kh8 50.a4 Kg8
51.Kf1 Kh8 52.a5 Kg8 53.Ra6 Kh7 54.Ra7+ Kg8 55.Ra8+ Kg7 56.Ra7+ Kg8 57.Ra8+  1/2-1/2

[Event "Oberliga Wuert9394"]
[Site "Germany"]
[Date "1994.??.??"]
[Round "?"]
[White "Raedeker, Bernd"]
[Black "Krockenberger, Martin"]
[Result "1/2-1/2"]
[WhiteElo "2180"]
[BlackElo "2305"]

1.Nf3 c5 2.g3 b6 3.Bg2 Bb7 4.O-O Nf6 5.c4 e6 6.Nc3 a6 7.Re1 Be7 8.e4 d6 9.d4 cxd4
10.Nxd4 Qc7 11.Qa4+ Nbd7 12.f3 O-O 13.Be3 Rac8 14.Bf1 Qb8 15.Rac1  1/2-1/2

[Event "BL2-S9394"]
[Site "Germany"]
[Date "1994.??.??"]
[Round "?"]
[White "Schulze, Ulrich"]
[Black "Stobik, Dietrich"]
[Result "1-0"]
[WhiteElo "2410"]
[BlackElo "2310"]

1.Nf3 Nf6 2.g3 b6 3.Bg2 Bb7 4.c4 e6 5.O-O c5 6.Nc3 Be7 7.d4 cxd4 8.Qxd4 Nc6
9.Qf4 O-O 10.Rd1 a6 11.Ng5 Rc8 12.Nge4 Nxe4 13.Nxe4 Nb8 14.Be3 f5 15.Nf6+ Bxf6
16.Bxb7 g5 17.Qd6 Rxc4 18.Bd5 Qc7 19.Bxc4 Qxc4 20.Qd2 h6 21.Bxb6 d5 22.b3 Qg4
23.Bd4 Nd7 24.Rac1 f4 25.Rc7 fxg3 26.hxg3 Ne5 27.Qc2 Rf7 28.Bxe5  1-0

[Event "BL2-W9394"]
[Site "Germany"]
[Date "1994.??.??"]
[Round "?"]
[White "Grimm, Sascha"]
[Black "Laux, Tino"]
[Result "1-0"]
[WhiteElo "2320"]
[BlackElo "2350"]

1.Nf3 Nf6 2.c4 c5 3.g3 b6 4.Bg2 Bb7 5.O-O e6 6.Nc3 d6 7.Re1 a6 8.e4 Be7 9.d4 cxd4
10.Nxd4 Qc7 11.Be3 O-O 12.Rc1 Nbd7 13.f4 Rac8 14.f5 e5 15.Nb3 Nc5 16.Nxc5 dxc5
17.Qe2 Rfd8 18.Bf2 Rd7 19.Nd5 Bxd5 20.exd5 Bd6 21.Rc3 e4 22.Bxe4 Re7 23.Re3 Rce8
24.Qf3 Be5 25.R3e2 Bd4 26.Bxd4 cxd4 27.Qd3 Qc5 28.b4 Qxb4 29.Qxd4 Nxe4 30.Rxe4 Qxe1+
31.Rxe1 Rxe1+ 32.Kg2 R1e4 33.Qxb6 Rxc4 34.d6 Rc2+ 35.Kh3 Rd2 36.Qc7 h6 37.d7 Rf8
38.Qc8 Rd6 39.Kg4 Rd1 40.Kf3 Rd6 41.Ke4 Rd2 42.a4 a5 43.h4 Rd6 44.g4 Rd2
45.g5 hxg5 46.hxg5 Rd1 47.f6 Rd6 48.Ke3 Rd1 49.Ke2 Rd5 50.Qe8 Rd6 51.Qe7 Rd5
52.Qe8 Rd6 53.fxg7  1-0

[Event "NRW-Liga I 9394"]
[Site "Germany"]
[Date "1994.??.??"]
[Round "?"]
[White "Rosen, Bernd"]
[Black "Borngaesser, Rene"]
[Result "1/2-1/2"]
[WhiteElo "2295"]
[BlackElo "2370"]

1.Nf3 e6 2.c4 c5 3.g3 b6 4.Bg2 Bb7 5.O-O Nf6 6.Nc3 Be7 7.d4 cxd4 8.Qxd4 O-O
9.Rd1 d6 10.b3 Nbd7 11.e4 a6 12.Ba3 Nc5 13.e5 dxe5 14.Qxd8 Rfxd8 15.Nxe5 Bxg2
16.Kxg2 Bf8 17.Bxc5 bxc5 18.Na4 Rac8 19.Kf3 Bd6 20.Nd3 Nd7 21.Rab1 Kf8 22.Rd2 Ke7
23.Rbd1 f5 24.Ke2 g5 25.Kf3 h5 26.h3 Rh8 27.Kg2 Nf6 28.Nc3 h4 29.Re2 Kf7
30.Ne5+ Bxe5 31.Rxe5 hxg3 32.fxg3 Rhd8 33.Ree1 Rd4 34.Ne2 Rdd8  1/2-1/2

[Event "NRW-Liga I 9394"]
[Site "Germany"]
[Date "1994.??.??"]
[Round "?"]
[White "Borngaesser, Rene"]
[Black "Molinaroli, Martin"]
[Result "1-0"]
[WhiteElo "2370"]
[BlackElo "2290"]

1.c4 c5 2.Nf3 Nf6 3.g3 b6 4.Bg2 Bb7 5.O-O e6 6.b3 Be7 7.Bb2 O-O 8.Nc3 d6
9.d4 cxd4 10.Qxd4 a6 11.h3 Qc7 12.Rfd1 Rd8 13.Rac1 Nbd7 14.Qe3 Rac8 15.g4 h6
16.Ne1 Bxg2 17.Nxg2 Qb7 18.Rd4 b5 19.cxb5 axb5 20.Rb4 Qa6 21.Qd3 d5 22.Qxb5 Qd6
23.Rd4 Qe5 24.Rdd1 Qd6 25.e3 Rb8 26.Qe2 Ne5 27.f4 Ng6 28.Nb5 Qa6 29.a4 Ne4
30.f5 exf5 31.gxf5 Nh4 32.Qg4 g6 33.Nxh4 h5 34.Qf4 g5 35.Qc7 Rb7 36.Qc6 Qxc6
37.Rxc6 gxh4 38.Rh6 Bg5 39.Rh8+  1-0

[Event "Oberliga Nord W9495"]
[Site "Germany"]
[Date "1994.??.??"]
[Round "?"]
[White "Niklasch, Oliver"]
[Black "Behrens, Harald"]
[Result "1-0"]
[WhiteElo "2290"]
[BlackElo "2285"]

1.c4 Nf6 2.Nf3 b6 3.g3 Bb7 4.Bg2 e6 5.O-O c5 6.Nc3 Be7 7.d4 cxd4 8.Qxd4 O-O
9.Rd1 d6 10.b3 Nbd7 11.Bb2 a6 12.e4 Qc7 13.Qe3 Rfd8 14.Rac1 Rac8 15.Nd4 Bf8
16.h3 Qb8 17.Re1 Ba8 18.Kh1 Nc5 19.Rcd1 Rd7 20.Re2 Re8 21.b4 e5 22.Nf5 Ne6
23.Nd5 b5 24.Nxf6+ gxf6 25.c5 Rdd8 26.cxd6 Bxd6 27.Nh6+ Kg7 28.Ng4 Be7 29.Qh6+ Kh8
30.Red2 Rxd2 31.Rxd2 Nf8 32.Nxf6 Rd8 33.Rxd8 Qxd8 34.Bxe5  1-0

[Event "Graz op"]
[Site "Graz"]
[Date "1994.??.??"]
[Round "3"]
[White "Frosch, Erich"]
[Black "Teske, Henrik"]
[Result "0-1"]
[WhiteElo "2280"]
[BlackElo "2495"]

1.Nf3 c5 2.c4 b6 3.g3 Bb7 4.Bg2 Nf6 5.O-O e6 6.Nc3 Be7 7.d3 d5 8.cxd5 Nxd5
9.Qa4+ Qd7 10.Qb3 Nc6 11.Nxd5 exd5 12.Bd2 O-O 13.a4 Rfe8 14.Rfe1 Rab8 15.Rad1 Rbd8
16.Qa2 Bf6 17.Bc3 Qd6 18.d4 c4 19.h3 g6 20.b3 Ba6 21.bxc4 Bxc4 22.Qb2 Bg7
23.e3 Qd7 24.Ra1 Rb8 25.Nd2 Bd3 26.Qa2 Red8 27.Rec1 Bf8 28.Qb3 Bf5 29.Kh2 a5
30.Bb2 Nb4 31.Nf3 Rbc8 32.Ne5 Qb7 33.Bc3 b5 34.axb5 Qxb5 35.Bxb4 axb4 36.Rxc8 Bxc8
37.Ra8 Qb7 38.Ra2 Be6 39.Nd3 Qb5 40.Rb2 Bd6 41.Nf4 Bxf4 42.gxf4 Rb8 43.Rc2 h5
44.Kg3 Kg7 45.Rc5 h4+ 46.Kh2 Qe2 47.Rc2 Qd1 48.Qb2 b3 49.Rc1 Qxc1 50.Qxc1 b2
51.Qb1  0-1

[Event "Groningen op"]
[Site "Groningen"]
[Date "1994.??.??"]
[Round "2"]
[White "Szekely, Peter"]
[Black "De Boer, Gert Jan"]
[Result "1/2-1/2"]
[WhiteElo "2490"]
[BlackElo "2435"]

1.Nf3 Nf6 2.c4 c5 3.g3 b6 4.Bg2 Bb7 5.O-O e6 6.Nc3 Be7 7.d4 cxd4 8.Qxd4 d6
9.b3 O-O 10.Rd1 Nbd7 11.e4 a6 12.Ba3 Nc5 13.e5 dxe5 14.Qxd8 Rfxd8 15.Nxe5 Bxg2
16.Kxg2 Rdc8 17.Na4 Rab8 18.Bxc5 bxc5 19.Nd7 Rb7 20.Ndxc5 Rxc5 21.Nxc5 Bxc5
22.Rd8+ Bf8 23.Rad1 Ra7 24.Rc8 Nd7 25.Rd8 Nf6 26.Rc8 Nd7 27.Rd8 Nf6  1/2-1/2

[Event "Groningen op"]
[Site "Groningen"]
[Date "1994.??.??"]
[Round "2"]
[White "Carlier, Bruno"]
[Black "Notkin, Maksim"]
[Result "1-0"]
[WhiteElo "2365"]
[BlackElo "2465"]

1.Nf3 Nf6 2.g3 b6 3.Bg2 Bb7 4.O-O c5 5.c4 e6 6.Nc3 Be7 7.Re1 d6 8.e4 a6 9.d3 O-O
10.a3 Qc7 11.Rb1 Nbd7 12.Nh4 Rab8 13.f4 Rfe8 14.Bh3 Bc6 15.f5 Bf8 16.g4 Ne5
17.g5 Nfd7 18.fxe6 fxe6 19.Ne2 Qd8 20.Nf4 Qxg5+ 21.Nhg2 Qh6 22.Re3 b5 23.cxb5 axb5
24.Bd2 Kh8 25.Rg3 Qf6 26.Qh5 Qf7 27.Qxf7 Nxf7 28.Nxe6 Nf6 29.Bc3 Ne5 30.Ngf4 c4
31.d4 Nd3 32.d5 Nxf4 33.Nxf4 Bb7 34.Be6 Rxe6 35.Nxe6 Nxe4 36.Rf3 Be7 37.Bxg7+ Kg8
38.Rd1 Bc8 39.Bd4 Bxe6 40.dxe6 d5 41.Rf7 Bc5 42.Bxc5 Nxc5 43.Rxd5 Nxe6 44.Rff5 Kh8
45.Kf2 Rg8 46.Rde5 Nd4 47.Rf7  1-0

[Event "Groningen op"]
[Site "Groningen"]
[Date "1994.??.??"]
[Round "5"]
[White "De Boer, Gert Jan"]
[Black "Oei, Hway Ik"]
[Result "1-0"]
[WhiteElo "2435"]
[BlackElo "2265"]

1.c4 c5 2.Nf3 Nf6 3.g3 b6 4.Bg2 Bb7 5.O-O e6 6.Nc3 d6 7.d4 cxd4 8.Qxd4 a6
9.b3 Nbd7 10.e4 Qc7 11.Rd1 Be7 12.Ba3 Nc5 13.e5 dxe5 14.Qxe5 Rc8 15.Qxc7 Rxc7
16.Bc1 Nfe4 17.Nxe4 Bxe4 18.Bf4 Rc8 19.Bd6 Nd3 20.Bxe7 Kxe7 21.Nd4 Bxg2 22.Kxg2 Nc5
23.Kf3 g6 24.Ke3 Rhd8 25.f4 Rd6 26.Rd2 f5 27.Rad1 Nb7 28.h3 Kf6 29.g4 Rcd8
30.g5+ Ke7 31.h4 Kf7 32.b4 Rc8 33.Nf3 Ke7 34.Ne5 Rxd2 35.Rxd2 Nd6 36.Rc2 Ne4
37.Nd3 Nd6 38.c5 Nb5 39.cxb6 Rb8 40.a4  1-0

[Event "HUN-chT 9394"]
[Site "?"]
[Date "1994.??.??"]
[Round "?"]
[White "Banas, Jan"]
[Black "Tompa, Janos"]
[Result "1/2-1/2"]
[WhiteElo "2390"]
[BlackElo "2640"]

1.Nf3 Nf6 2.c4 e6 3.g3 b6 4.Bg2 Bb7 5.O-O c5 6.Nc3 Be7 7.d4 cxd4 8.Qxd4 d6
9.b3 O-O 10.Rd1 Nbd7 11.Ba3 Nc5 12.Qe3 a6 13.Nd4 Bxg2 14.Kxg2 Qc7 15.Qf3  1/2-1/2

[Event "HUN-chT 9394"]
[Site "?"]
[Date "1994.??.??"]
[Round "?"]
[White "Vadasz, Laszlo"]
[Black "Zsinka, Laszlo"]
[Result "1/2-1/2"]
[WhiteElo "2375"]
[BlackElo "2345"]

1.Nf3 Nf6 2.c4 b6 3.g3 Bb7 4.Bg2 e6 5.O-O c5 6.Nc3 d6 7.d4 cxd4 8.Qxd4 a6
9.Ng5 Bxg2 10.Kxg2 Be7 11.Rd1 Nc6  1/2-1/2